[Event "St Petersburg Summer op"]
[Site "St Petersburg"]
[Date "2016.08.24"]
[Round "8"]
[White "Karasev, Vladimir I"]
[Black "Filyanin, Daniil"]
[Result "1/2-1/2"]
[WhiteElo "2367"]
[BlackElo "2098"]
[PlyCount "96"]
[EventDate "2016.08.17"]
[EventType "swiss"]
[EventRounds "9"]
[EventCountry "RUS"]
[SourceTitle "CBM 174 Extra"]
[Source "ChessBase"]
[SourceDate "2016.10.10"]
[SourceVersion "1"]
[SourceVersionDate "2016.10.10"]
[SourceQuality "1"]

1. f4 d5 2. Nf3 Nf6 3. e3 c6 4. b3 Bg4 5. Bb2 Nbd7 6. h3 Bxf3 7. Qxf3 Qc7 8. d3 e5 9. Nd2 exf4 10. exf4 0-0-0 11. 0-0-0 Qa5 12. Kb1 Bb4 13. Qf2 Rhe8 14. g4 Nc5 15. g5 Nfd7 16. h4 Bc3 17. Bh3 Bxb2 18. Kxb2 Qb4 19. Nb1 Na4+ 20. Ka1 Nab6 21. c3 Qd6 22. Rhe1 Kc7 23. d4 g6 24. f5 Re4 25. Rxe4 dxe4 26. Re1 Re8 27. Nd2 e3 28. Rxe3 Rxe3 29. Qxe3 Nd5 30. Qd3 Nf4 31. Qf3 Nxh3 32. Qxh3 Qf4 33. Qd3 Qxh4 34. fxg6 hxg6 35. Ne4 f5 36. gxf6 Nxf6 37. Ng3 Qf4 38. Kb2 g5 39. Ne2 Qf2 40. Qg3+ Qxg3 41. Nxg3 Kd6 42. Kc2 c5 43. Kd3 cxd4 44. Kxd4 g4 45. c4 a5 46. a3 Kc6 47. b4 axb4 48. axb4 b5 1/2-1/2

[Event "Voronezh op-A 20th"]
[Site "Voronezh"]
[Date "2016.06.19"]
[Round "8"]
[White "Shkurkin, Andrey"]
[Black "Filyanin, Daniil"]
[Result "1/2-1/2"]
[WhiteElo "2252"]
[BlackElo "2006"]
[PlyCount "93"]
[EventDate "2016.06.12"]
[EventType "swiss"]
[EventRounds "9"]
[EventCountry "RUS"]
[SourceTitle "EXT 2019"]
[Source "ChessBase"]
[SourceDate "2018.10.10"]
[SourceVersion "1"]
[SourceVersionDate "2018.10.10"]
[SourceQuality "1"]

1. d4 d5 2. c4 c6 3. cxd5 cxd5 4. Bf4 Nc6 5. e3 Nf6 6. Nc3 a6 7. Bd3 Bg4 8. Nge2 e6 9. 0-0 Bxe2 10. Qxe2 Bd6 11. Bg5 h6 12. Bh4 Be7 13. Rac1 Nd7 14. Bg3 0-0 15. Bb1 f5 16. Rfd1 Nb6 17. f3 Bg5 18. b3 Rc8 19. Re1 Qe7 20. Qb2 h5 21. Rcd1 h4 22. Bf2 Qc7 23. f4 Bf6 24. Rc1 Qf7 25. Qe2 Be7 26. Qb2 h3 27. g3 g5 28. Bd3 g4 29. Red1 Rc7 30. Be1 Rfc8 31. a3 Qf8 32. b4 Na7 33. Nb1 Nc4 34. Bxc4 Rxc4 35. Nd2 Rxc1 36. Rxc1 Rxc1 37. Qxc1 Qc8 38. Qxc8+ Nxc8 39. Kf1 Kf7 40. Ke2 Ke8 41. Nb3 Kd7 42. Kd3 Kc6 43. a4 b6 44. Nc1 Nd6 45. Ke2 Ne4 46. Nd3 Bd6 47. Kd1 1/2-1/2

[Event "Nezhmetdinov Memorial 38th"]
[Site "Kazan"]
[Date "2016.06.06"]
[Round "7"]
[White "Filyanin, Daniil"]
[Black "Korovin, Mikhail"]
[Result "0-1"]
[WhiteElo "2006"]
[BlackElo "2240"]
[PlyCount "126"]
[EventDate "2016.05.31"]
[EventType "swiss"]
[EventRounds "9"]
[EventCountry "RUS"]
[SourceTitle "CBM 172 Extra"]
[Source "ChessBase"]
[SourceDate "2016.06.21"]
[SourceVersion "1"]
[SourceVersionDate "2016.06.21"]
[SourceQuality "1"]

1. e4 e6 2. d4 d5 3. Nc3 Bb4 4. e5 c5 5. a3 Bxc3+ 6. bxc3 Ne7 7. Qg4 cxd4 8. Qxg7 Rg8 9. Qxh7 Qc7 10. Ne2 Nbc6 11. cxd4 Nxd4 12. Rb1 Ndf5 13. Bf4 Qxc2 14. Rc1 Qa4 15. h3 Bd7 16. g4 Nd4 17. Nxd4 Qxd4 18. Bg3 Qb2 19. Qb1 Qxa3 20. Be2 Qa5+ 21. Kf1 Bc6 22. h4 d4 23. Rh2 0-0-0 24. h5 d3 25. Bxd3 Rxg4 26. h6 Rb4 27. Qc2 Rh8 28. h7 Kb8 29. Bh4 Nd5 30. Qd2 Bb5 31. Rg2 b6 32. Rg8+ Kb7 33. Rxh8 Rxh4 34. Qg5 Bxd3+ 35. Kg1 Rxh7 36. Rxh7 Bxh7 37. Qd8 Bc2 38. Qd7+ Nc7 39. Rxc2 Qe1+ 40. Kh2 Qxe5+ 41. Kg1 Qg5+ 42. Kf1 Qb5+ 43. Qxb5 Nxb5 44. Ke1 Nd6 45. Kd2 b5 46. Kc3 Kb6 47. Kd4 a5 48. Ke5 Nc4+ 49. Kf6 Kc5 50. f4 a4 51. Kxf7 Kd5 52. Re2 Nd6+ 53. Ke7 Nf5+ 54. Kd7 Nd4 55. Re5+ Kc4 56. Kd6 a3 57. Rc5+ Kd3 58. Ke5 a2 59. Rc1 b4 60. Rd1+ Kc2 61. Rf1 Ne2 62. Kxe6 Nxf4+ 63. Ke5 Nd3+ 0-1

[Event "Nezhmetdinov Memorial 38th"]
[Site "Kazan"]
[Date "2016.05.31"]
[Round "1"]
[White "Filyanin, Daniil"]
[Black "Sharafiev, Azat"]
[Result "0-1"]
[WhiteElo "2006"]
[BlackElo "2435"]
[PlyCount "58"]
[EventDate "2016.05.31"]
[EventType "swiss"]
[EventRounds "9"]
[EventCountry "RUS"]
[SourceTitle "CBM 172 Extra"]
[Source "ChessBase"]
[SourceDate "2016.06.21"]
[SourceVersion "1"]
[SourceVersionDate "2016.06.21"]
[SourceQuality "1"]

1. e4 c5 2. Nf3 e6 3. d4 cxd4 4. Nxd4 Nc6 5. Nb5 d6 6. c4 Nf6 7. N5c3 Be7 8. Be3 0-0 9. Be2 b6 10. 0-0 Bb7 11. Nd2 Rc8 12. f4 d5 13. e5 d4 14. exf6 Bxf6 15. Nce4 dxe3 16. Nxf6+ Qxf6 17. Ne4 Qxb2 18. Rb1 Qxa2 19. Bd3 Nd4 20. Ra1 Qb2 21. Qh5 Bxe4 22. Bxe4 g6 23. Qe5 Rc5 24. Qd6 Rxc4 25. Bd3 Rc6 26. Qd7 Qc3 27. Be4 e2 28. Bxc6 exf1Q+ 29. Rxf1 Nxc6 0-1

[Event "Chigorin Memorial 22nd"]
[Site "St Petersburg"]
[Date "2014.10.20"]
[Round "3"]
[White "Filyanin, Daniil"]
[Black "Abdusattorova, Bakhora"]
[Result "0-1"]
[WhiteElo "1947"]
[BlackElo "2102"]
[PlyCount "90"]
[EventDate "2014.10.18"]
[EventType "swiss"]
[EventRounds "9"]
[EventCountry "RUS"]
[SourceTitle "EXT 2015"]
[Source "ChessBase"]
[SourceDate "2014.11.20"]
[SourceVersion "1"]
[SourceVersionDate "2014.11.20"]
[SourceQuality "1"]

1. e4 e5 2. Nf3 Nc6 3. Bb5 Bc5 4. 0-0 d6 5. c3 Bd7 6. d4 Bb6 7. Na3 Nge7 8. Nc2 0-0 9. a4 a6 10. Bc4 Bg4 11. Be3 exd4 12. Bxd4 Bxd4 13. Ncxd4 Nxd4 14. cxd4 Ng6 15. h3 Bd7 16. Qd2 h6 17. Rfe1 Kh8 18. a5 Bc6 19. Ra3 Qf6 20. e5 dxe5 21. dxe5 Qf4 22. Qxf4 Nxf4 23. Kh2 Rad8 24. g3 Ne6 25. g4 Nf4 26. Kg3 g5 27. h4 Bxf3 28. Rxf3 Rd4 29. hxg5 hxg5 30. Rc3 Kg7 31. Bf1 Rc8 32. Rc4 Rd7 33. Kf3 Rh8 34. Ke4 Rh2 35. Rc2 Ne6 36. Bc4 Nd4 37. Rd2 c5 38. b4 Rg2 39. Be2 Rxf2 40. bxc5 Rf4+ 41. Ke3 Rd5 42. Rd3 Nc2+ 43. Kd2 Rxd3+ 44. Bxd3 Nxe1 45. Kxe1 Rd4 0-1

[Event "Voronezh op-A 18th"]
[Site "Voronezh"]
[Date "2014.06.16"]
[Round "5"]
[White "Filyanin, Daniil"]
[Black "Timerkhanov, Alexander"]
[Result "0-1"]
[WhiteElo "1920"]
[BlackElo "2150"]
[PlyCount "96"]
[EventDate "2014.06.12"]
[EventType "swiss"]
[EventRounds "9"]
[EventCountry "RUS"]
[SourceTitle "CBM 160 Extra"]
[Source "ChessBase"]
[SourceDate "2014.07.01"]
[SourceVersion "1"]
[SourceVersionDate "2014.07.01"]
[SourceQuality "1"]

1. e4 c5 2. Nf3 d6 3. d4 cxd4 4. Nxd4 Nf6 5. Nc3 a6 6. g3 e5 7. Nde2 b5 8. Bg2 Bb7 9. 0-0 Be7 10. h3 h5 11. Be3 Nbd7 12. a4 b4 13. Nd5 Nxd5 14. exd5 a5 15. c4 h4 16. g4 0-0 17. Kh2 Bg5 18. f4 exf4 19. Bxf4 Bxf4+ 20. Rxf4 Nc5 21. Nd4 Qe7 22. Qd2 Rae8 23. Raf1 Qe5 24. Kg1 Bc8 25. b3 Bd7 26. R4f2 f6 27. Rb1 f5 28. gxf5 Bxf5 29. Nxf5 Rxf5 30. Rxf5 Qxf5 31. Rf1 Qe5 32. Rf3 Qe1+ 33. Qxe1 Rxe1+ 34. Kf2 Rb1 35. Re3 Rb2+ 36. Kg1 Rxb3 37. Re8+ Kf7 38. Rd8 Ke7 39. Ra8 Ra3 40. Rxa5 Rxa4 41. Rb5 b3 42. Kf2 Rxc4 43. Ke3 Kf6 44. Rb8 Rc2 45. Be4 Rc3+ 46. Kd4 Rxh3 47. Rb6 Ke7 48. Bb1 Rh1 0-1

[Event "Voronezh op-A 18th"]
[Site "Voronezh"]
[Date "2014.06.13"]
[Round "2"]
[White "Filyanin, Daniil"]
[Black "Popov, Kirill"]
[Result "0-1"]
[WhiteElo "1920"]
[BlackElo "2242"]
[PlyCount "88"]
[EventDate "2014.06.12"]
[EventType "swiss"]
[EventRounds "9"]
[EventCountry "RUS"]
[SourceTitle "CBM 160 Extra"]
[Source "ChessBase"]
[SourceDate "2014.07.01"]
[SourceVersion "1"]
[SourceVersionDate "2014.07.01"]
[SourceQuality "1"]

1. e4 c5 2. Nf3 d6 3. d4 cxd4 4. Nxd4 Nf6 5. Nc3 a6 6. g3 e5 7. Nde2 b5 8. a3 Bb7 9. Bg2 Nbd7 10. 0-0 Be7 11. g4 Nc5 12. Ng3 g6 13. Bh6 Bf8 14. Bxf8 Kxf8 15. f4 exf4 16. Rxf4 Ne6 17. Rf2 Ne8 18. Qf1 f6 19. Re1 Ra7 20. e5 Bxg2 21. Qxg2 dxe5 22. Rxe5 Re7 23. Nd5 Nf4 24. Nxf4 Rxe5 25. Nd3 Re6 26. Ne4 Kg7 27. Ndc5 Qd1+ 28. Rf1 Qd4+ 29. Kh1 Re5 30. c3 Qd5 31. Rf2 Qc6 32. b4 Rf8 33. Rd2 f5 34. Rd7+ Kg8 35. gxf5 Rexf5 36. h3 R5f7 37. Qa2 Kg7 38. Rxf7+ Rxf7 39. Kg1 Re7 40. Qc2 Nf6 41. Ng3 Qf3 42. Kh2 Re3 43. Qg2 Qxg2+ 44. Kxg2 Rxc3 0-1